Zámery a ciele štátnej technickej inšpekcie ochrany ovzdušia SSR u rozhodujúcich znečisťovateľov Západoslovenského kraja (Výsledky dosiahnuté v n.p. Duslo Šaľa.)

Bibliographic Details
Main Author: Papiernik, Štefan (Author)
Format: Article
Language:Slovak
PhysicalDescription:Lit. 76 zázn. v rôzn. jaz.
Subjects:

MARC

LEADER 00000nab a2200000 a 4500
001 vtls000325531
003 SK-MaSNL
005 20260304223755.0
008 230217c1988 xo 0 slo
015 |a SNBRB19rr/mm-uuuuu 
035 |a CL0325653 
035 |a urn:nbn:sk:snk-aba4ww 
035 |a (urnnbn)urn:nbn:sk:snk:ar-a09gcg 
035 |a (uuid)304bbd51-b94f-40eb-b978-fe85d6880eee 
040 |a SNKBUCL  |b slo  |c SNKBUCL  |e AACR2 
041 0 |a slo 
044 |a xo  |c SK 
080 |a 504.3.064  |2 1981 
100 1 |a Papiernik, Štefan  |4 aut  |9 1558188 
245 1 0 |a Zámery a ciele štátnej technickej inšpekcie ochrany ovzdušia SSR u rozhodujúcich znečisťovateľov Západoslovenského kraja  |b (Výsledky dosiahnuté v n.p. Duslo Šaľa.)  |c Štefan Papiernik 
300 |b Lit. 76 zázn. v rôzn. jaz. 
610 2 7 |a Duslo (Šaľa, Slovensko)  |2 snkbucl  |9 36810 
650 0 7 |a atmosféra  |2 snkbucl  |9 3639 
650 0 7 |a znečistenie ovzdušia  |2 snkbucl  |9 3641 
650 0 7 |a ochrana ovzdušia  |2 snkbucl  |9 31607 
655 7 |a články z novín a časopisov  |2 snkbucl  |9 267496 
773 0 |t Čistota ovzdušia  |g Č. 1 (1988), s. 1-4 
850 |a Slovenská národná knižnica v Martine  |a MTA001 
852 |a SNK  |b KIS3GCP 
954 |a odborná, vedecká literatúra pôvodná (slovenská)  |2 lita 
958 |a RK 
958 |a NB 
958 |a OND 
958 |a EUIPO 
958 |a article13 
992 |a RBX 
999 |c 3169513  |d 3171443